WAFL Premiers - Statistics

General Stats
  • This quiz has been taken 38 times
    19 since last reset
  • The average score is 107 of 138
Answer Stats
Year Team % Correct
1938 | 1939 | 1940 | +9 others Claremont
89%
1919 | 1920 | 1921 | +14 others East Perth
89%
1912 | 1913 | 1915 | +13 others Subiaco
89%
1900 | 1902 | 1903 | +26 others East Fremantle
78%
2016 | 2017 Peel
78%
1907 | 1955 | 1966 | +4 others Perth
78%
1916 | 1917 | 1947 | +11 others South Fremantle
78%
1897 | 1899 | 1901 | +17 others West Perth
78%
1886 | 1890 | 1892 | +5 others Fremantle
67%
1961 | 1962 | 1963 | +5 others Swan Districts
67%
1885 | 1891 Rovers
11%
1887 | 1888 | 1889 Unions
11%
No matching quizzes found
Score Distribution
Percent of People with Each Score
Percentile by Number Answered
Your Score History
You have not taken this quiz since the last reset